000 00329nam a22001337a 4500
008 171025b xxu||||| |||| 00| 0 eng d
020 _a0030430536
041 _aeng
080 _24 ED
_a311
100 _a55
101 _aSTA
245 _aINTRODUCTORY STATISTICS FOR THE BEHAVIORAL SCIENCES
_cVELDMAN.Y
942 _2udc
_cBK
999 _c35970
_d35970